| 000 | 02260cam a2200409 a 4500 | ||
|---|---|---|---|
| 001 | 15778231 | ||
| 003 | Nust | ||
| 005 | 20220829163319.0 | ||
| 008 | 090616r20091982enka b 000 0 eng d | ||
| 010 | _a 2009291580 | ||
| 020 | _a978-0710517456 (pbk.) | ||
| 020 | _a 0710517459 | ||
| 035 | _a(OCoLC)ocn294885624 | ||
| 040 |
_aBTCTA _cBTCTA _dYDXCP _dSGB _dDLC |
||
| 042 | _alccopycat | ||
| 043 |
_ae-uk-en _an-us--- |
||
| 050 | 0 | 0 |
_aPR4563.A2 _bC37 2009 |
| 082 | 0 | 0 |
_a823 _bDIC |
| 100 | 1 |
_aDickens, Charles, _d1812-1870. _912180 |
|
| 245 | 1 | 0 |
_aMartin Chuzzlewit / _cCharles Dickens ; |
| 260 |
_aPriory Book; _aUK : _bPeter Haddock, _c2009. |
||
| 300 |
_a 233 p. : _c20 cm. |
||
| 490 | 1 | _aOxford world's classics | |
| 520 | _aAt the center of Martin Chuzzlewit is Martin himself, very old, very rich, very much on his guard. What he suspects (with good reason) is that every one of his close and distant relations, now converging in droves on the country inn where they believe he is dying, will stop at nothing to become the inheritor of his great fortune. Having unjustly disinherited his grandson, young Martin, the old fellow now trusts no one but Mary Graham, the pretty girl hired as his companion. Though she has been made to understand she will not inherit a penny, she remains old Chuzzlewit's only ally. As the viperish relations and hangers-on close in on him, we meet some of Dickens's most marvelous characters - among them Mr. Pecksniff (whose name has entered the language as a synonym for ultimate hypocrisy and self-importance): the fabulously evil Jonas Chuzzlewit: the strutting reptile Tigg Montague: and the ridiculous, terrible, comical Sairey Gamp. | ||
| 650 | 0 |
_aBritish _zUnited States _vFiction. _998640 |
|
| 650 | 0 |
_aGrandfathers _vFiction. _998609 |
|
| 650 | 0 |
_aYoung men _vFiction. _912184 |
|
| 650 | 0 |
_aAvarice _vFiction. _998641 |
|
| 651 | 0 |
_aUnited States _xDescription and travel _vFiction. _998642 |
|
| 651 | 0 |
_aEngland _vFiction. _91072 |
|
| 655 | 7 |
_aBlack humor (Literature) _2gsafd _998643 |
|
| 655 | 7 |
_aAdventure stories. _2gsafd |
|
| 655 | 7 |
_aBildungsromans. _2gsafd |
|
| 906 |
_a7 _bcbc _ccopycat _d2 _encip _f20 _gy-gencatlg |
||
| 942 |
_2ddc _cBK |
||
| 999 |
_c174615 _d174615 |
||